1358 1912 1439 1391 1069 1039 1618 1568 1526 1680 1199 1334 1137 1267 1940 1535 1312 1537 1123 1900 1832 1682 1063 1580 1271 1707 1252 1448 1758 1263 1692 1994 1246 1757 1459 1563 1596 1740 1494 1247 1579 1236 1995 1219 1400 1449 1282 1097 1975 1898 1509 1725 1705 1764 1784 1964 1966 1192 1884 1713 1896 1377 1605 1706 1327 1012 1064 1942 1201 1968 1717 1346 1131 1642 1952 1299 1516 1025 1149 1701 1335 1314 1450 1169 1961 1636 1069 1358 1522 1215 1355 1321 1190 1993 1078 1818 1407 1815 1386 BCNSPRNW ULIB Ver.6.0+V

เปลี่ยนเป็นภาษาไทย

Change to English
 แสดงรายละเอียดบรรณานุกรม
  กลับหน้าหลัก

Brief Record : Get Marc (ISO 2709) : E-mail record : QR code < ปิดหน้าต่าง
LEADER : 00000nam 2200000uu 4500
001    13399122025
003     ULIB
008    121220s2555||||th 000 0 tha d
020    ^a9786162710438
060 04 ^aQZ275^bนท881
245 00 ^aเนื้องอกและมะเร็งบริเวณทรวงอกในเด็ก =^bPediatric thoracic tumors /^cวรวิทย์ จิตติถาวร, บรรณาธิการ; สุรศักดิ์ สังขทัต ณ อยุธยา
246 31 ^aPediatric thoracic tumors
250    ^aพิมพ์ครั้งที่ 1
260    ^aสงขลา :^bชานเมืองการพิมพ์,^c2555
300    ^a[6], 143 หน้า :^bภาพประกอบ ; ตาราง ;^c30 ซม.
650  2 ^aNeoplasms^xin infancy & childhood
650  2 ^aThoracic Neoplasms^xin infancy & childhood
650  4 ^aทรวงอก^xมะเร็ง^xในวัยทารกและวัยเด็ก
650  4 ^aเนื้องอก^xในวัยทารกและวัยเด็ก
650  4 ^aมะเร็งในเด็ก
700 0  ^aวรวิทย์ จิตติถาวร,^eบรรณาธิการ
700 0  ^aสุรศักดิ์ สังขทัติ ณ อยุธยา,^eบรรณาธิการ
710 2  ^aมหาวิทยาลัยสงขลานครินทร์. ^bคณะแพทยศาสตร์. ^bภาควิชาศัลยศาสตร์ หน่วยศัลยศาสตร์โรคอก
945    ^p420^l0^i033261
945    ^p420^l0^i033262
995    ^a เกษร
999    ^aใช้งานได้ทุกระบบ
รายการนี้ยังไม่มีแท็ก
คุณยังไม่ได้ล็อกอิน คุณสามารถมีกิจกรรมร่วมกับเว็บไซต์ได้ แต่ต้องล็อกอินก่อน ::
  ล็อกอิน

รายการสื่อสารสนเทศ

ลำดับที่ ประเภท เลขเรียก/บาร์โค้ด สถานที่ สถานะ
1. วิทยาศาสตร์การแพทย์ และสุขภาพ
วิทยาศาสตร์การแพทย์ และสุขภาพ
สถานะ=หนังสือเก่า
QZ275 นท881 ฉ.1 
  Barcode: 033261
ห้องสมุดวิทยาเขตสวรรค์ประชารักษ์
►ส่วนจัดเก็บหนังสือเก่า สปร
บนชั้น
  ขอยืม
2. วิทยาศาสตร์การแพทย์ และสุขภาพ
วิทยาศาสตร์การแพทย์ และสุขภาพ
สถานะ=หนังสือเก่า
QZ275 นท881 ฉ.2 
  Barcode: 033262
ห้องสมุดวิทยาเขตสวรรค์ประชารักษ์
►ส่วนจัดเก็บหนังสือเก่า สปร
บนชั้น
  ขอยืม

รายการใกล้เคียง
    หัวเรื่อง [เนื้องอก ในวัยทารกและวัยเด็ก]
    หัวเรื่อง [มะเร็งในเด็ก]

BibComment


ยังไม่เคยถูกคอมเมนท์

คอมเมนท์ทรัพยากรรายการนี้
  คอมเมนท์: เนื้องอกและมะเร็..


 Copyright 2026. Bcnsprnw @Library